Statistics for Word Scramble - Planets

Click here to take the quiz!

General Stats

  • This quiz has been taken 444 times
  • The average score is 5 of 8

Answer Stats

ScramblePlanet% Correct
ermycruMercury
97%
evusnVenus
90%
aehrtEarth
78%
amsrMars
78%
ujiptreJupiter
64%
asutnrSaturn
45%
uurnasUranus
31%
nptenueNeptune
23%

Score Distribution

Percentile by Number Answered

Percent of People with Each Score

Your Score History

You have not taken this quiz